Titres de Playboi Carti - Statistiques

Statistiques générales
  • Ce quiz a été pris 202 fois
  • Le résultat moyen est 24 sur 58
Statistiques - réponses
Titres % Correct
Magnolia
84%
Sky
81%
Location
77%
RIP
70%
Rockstar Made
68%
Stop Breathing
66%
Over
60%
Long Time - Intro
59%
wokeuplikethis
59%
Go2DaMoon
56%
New Tank
55%
Vamp Anthem
52%
Shoota
51%
M3tamorphosis
48%
ILoveUIHateU
47%
RIP Fredo
47%
Lean 4 Real
46%
NO.9
43%
Control
42%
Beno!
41%
New Choppa
41%
On That Time
41%
Flex
40%
King Vamp
40%
Place
40%
Slay3r
40%
Poke It Out
39%
Teen X
39%
Fell In Luv
38%
Love Hurts
38%
FlatBed Freestyle
37%
JumpOutTheHouse
37%
Kelly K
37%
Die4Guy
36%
Top
36%
Choppa Won't Miss
34%
F33l Lik3 Dyin
34%
Meh
34%
Middle Of The Summer
34%
New N3on
34%
No Time
34%
Lookin
33%
Foreign
32%
Half & Half
32%
Mileage
31%
dothatshit!
30%
Home
30%
Punk Monk
29%
No Sl33p
28%
Yah Mean
27%
Had 2
26%
Old Money
26%
Let It Go
25%
Right Now
24%
Lame Niggaz
23%
Not PLaying
23%
Other Shit
18%
Pull Up
18%
Aucun quiz correspondant
Distribution des résultats
% des personnes avec chaque résultat
Percentile par nombre de réponses
Votre historique - résultats
Vous n’avez pas pris ce quiz